Rabindranath Tagore: his mind and art : (Record no. 22128)
[ view plain ]
| 000 -LEADER | |
|---|---|
| fixed length control field | 01086cam a2200289 4500 |
| 001 - CONTROL NUMBER | |
| control field | 22128 |
| 003 - CONTROL NUMBER IDENTIFIER | |
| rucl marc code | BD-RjUL |
| 005 - DATE AND TIME OF LATEST TRANSACTION | |
| control field | 20211209000753.0 |
| 008 - FIXED-LENGTH DATA ELEMENTS--GENERAL INFORMATION | |
| fixed length control field | 140306t19711970ii b 000 0beng d |
| 035 ## - SYSTEM CONTROL NUMBER | |
| System control number | (BD-RjUL)22193 |
| 040 ## - CATALOGING SOURCE | |
| Original cataloging agency | DLC |
| Transcribing agency | DLC |
| Modifying agency | DLC |
| -- | BD-RjUL |
| Language of cataloging | eng |
| 041 ## - LANGUAGE CODE | |
| Language code of text/sound track or separate title | eng |
| 082 00 - DEWEY DECIMAL CLASSIFICATION NUMBER | |
| Classification number | 891.4 |
| Author mark and year | CHR 1971 |
| 100 1# - MAIN ENTRY--PERSONAL NAME | |
| Personal name | Chakravorty, Byomkesh Chandra, |
| Dates associated with a name | 1912- |
| 9 (RLIN) | 68327 |
| 245 10 - TITLE STATEMENT | |
| Title | Rabindranath Tagore: his mind and art : |
| Remainder of title | Tagore's contribution to English literature / |
| Statement of responsibility, etc. | by B. C. Chakravorty. Foreword by K. R. Srinivasa Iyengar. |
| 260 ## - PUBLICATION, DISTRIBUTION, ETC. (IMPRINT) | |
| Place of publication, distribution, etc. | New Delhi : |
| Name of publisher, distributor, etc. | Young India Publications, |
| Date of publication, distribution, etc. | c1970 [Reprinted 1971] |
| 300 ## - PHYSICAL DESCRIPTION | |
| Pagination | 304 p. ; |
| Size | 22 cm. |
| 350 ## - PRICE (NR) (BK AM CF MU VM SE) [OBSOLETE] | |
| Price | Rs30.00 |
| 500 ## - GENERAL NOTE | |
| General note | On label mounted on fly leaf: Distributors: Trimurti Publications, New Delhi. |
| General note | "A major portion of [the author's] thesis for Ph.D. is included in this book." |
| 504 ## - BIBLIOGRAPHY, ETC. NOTE | |
| Bibliography, etc | "Select bibliography": p. [302] |
| 600 10 - SUBJECT ADDED ENTRY--PERSONAL NAME | |
| Personal name | Tagore, Rabindranath, |
| Dates associated with a name | 1861-1941. |
| 700 1# - ADDED ENTRY--PERSONAL NAME | |
| Personal name | Lyengar, Srinivasa |
| 942 ## - ADDED ENTRY ELEMENTS (KOHA) | |
| Source of classification or shelving scheme | Dewey Decimal Classification |
| Koha item type | Books |
| Lost status | Source of classification or shelving scheme | Damaged status | Not for loan | Collection code | Permanent Location | Current Location | Shelving location | Date acquired | Source of acquisition | Cost, normal purchase price | Total Checkouts | Full call number | Date last seen | Copy number | Koha item type |
|---|---|---|---|---|---|---|---|---|---|---|---|---|---|---|---|
| Dewey Decimal Classification | Non-fiction | Central Library, University of Rajshahi | Central Library, University of Rajshahi | 06/03/1974 | Standard Publication | 37.50 | 891.4 CHR 1971 | 06/03/2014 | C-3 | Books | |||||
| Dewey Decimal Classification | Non-fiction | Central Library, University of Rajshahi | Central Library, University of Rajshahi | 04/07/1974 | India Govt. | 891.4 CHR 1971 | 09/11/2016 | C-2 | Books | ||||||
| Dewey Decimal Classification | Not For Loan | Non-fiction | Central Library, University of Rajshahi | Central Library, University of Rajshahi | Reading Room | 03/10/1973 | Book center | 37.50 | 891.4 CHR 1971 | 02/02/2017 | C-1 | Books |